000 00243nam a2200109Ia 4500
008 240521s1999 xx 000 0 und d
041 _aeng
100 _aBUDHANANDA S
245 _aTHE MIND AND ITS CONTROL
260 _c1999
300 _a536
999 _c1163381
_d1163381